| 000 | 01439cam a2200385 i 4500 | ||
|---|---|---|---|
| 001 | 43814 | ||
| 003 | Mx-PuUPA | ||
| 005 | 20250724103518.0 | ||
| 008 | 140415s2023 mx d gr 000 0 spa d | ||
| 020 | _a9786075694122 | ||
| 040 |
_aMx-PuUPA _bspa _cMx-PuUPA _dMx-PuUPA _erda |
||
| 041 | 1 |
_aspa _heng |
|
| 100 | 1 |
_aClear, James, _917361 _eautor |
|
| 240 | 1 | 0 |
_aAtomic habits. _lEspañol |
| 245 | 1 | 0 |
_aHábitos atómicos / _cJames Clear ; traducción de Gabriela Moya |
| 246 | 1 | 4 |
_aCambios pequeños, resultados extraordinarios : _bhábitos atómicos. |
| 250 |
_aPrimera edición / _babril |
||
| 264 | 1 |
_aCiudad de México : _bPaidós, _c©2023 |
|
| 300 |
_a326 páginas : _bgráficas, tablas ; _c20 cm |
||
| 336 |
_2rdacontent _atexto _btxt |
||
| 337 |
_2rdamedia _asin medio _bn |
||
| 338 |
_2rdacarrier _avolumen _bnc |
||
| 500 | _aReimpresiones: (Décima sexta, marzo de 2025). | ||
| 500 | _a"Bestselle #1 del New York Times".-- Cubierta | ||
| 650 | 7 |
_2armarc _aHábito |
|
| 650 | 7 |
_913986 _2armarc _aRompimiento de hábitos |
|
| 650 | 7 |
_2armarc _aModificación de la conducta |
|
| 700 | 1 |
_aMoya, Gabriela, _etraductor |
|
| 765 | 0 |
_aClear, James, _dUSA : Bertelsmann Printing Group, ©2018 _tAtomic habits. |
|
| 942 |
_2ddc _cLI _h155.24 _iC6218 |
||
| 999 |
_c43814 _d43814 |
||